A 10 legkevésbé népes amerikai állam - Statistics

General Stats
  • This quiz has been taken 62 times
  • The average score is 4 of 10
Answer Stats
népesség állapot % Correct
733 583 Alaszka
63%
1 122 867 Montana
44%
1 093 734 Rhode Island
44%
1 385 340 Maine
42%
779 261 Észak-Dakota
40%
909 824 Dél-Dakota
37%
581 381 Wyoming
37%
647 064 Vermont
35%
1 018 396 Delaware
30%
1 395 231 New Hampshire
16%
No matching quizzes found
Score Distribution
Percent of People with Each Score
Percentile by Number Answered
Your Score History
You have not taken this quiz